Pular para o conteúdo

Научные проблемы экономики транспорта

Предназначены для организации самостоятельной работы обучающихся по направлениям 38.03.01; 38.04.01, изучающих дисциплину «Научные проблемы экономики транспорта»: самостоятельное изучение рекомендуемой литературы, самоконтроля при выполнении практических заданий. Содержат тестовый материал для подго...

ver descrição completa

Na minha lista:
Detalhes bibliográficos
Formato: Книга
Idioma:Russian
Publicado em: Омск СибАДИ 2022
Acesso em linha:https://e.lanbook.com/book/255275
https://e.lanbook.com/img/cover/book/255275.jpg
Tags: Adicionar Tag
Sem tags, seja o primeiro a adicionar uma tag!
LEADER 01510nam0a2200241 i 4500
001 255275
003 RuSpLAN
005 20221220174203.0
008 221220s2022 ru gs 000 0 rus
040 |a RuSpLAN 
041 0 |a rus 
044 |a ru 
080 |a 656. 1: 338 
084 |a 65.2 (29)  |2 rubbk 
245 0 0 |a Научные проблемы экономики транспорта 
260 |a Омск  |b СибАДИ  |c 2022 
300 |a 39 с. 
504 |a Библиогр.: доступна в карточке книги, на сайте ЭБС Лань 
520 8 |a Предназначены для организации самостоятельной работы обучающихся по направлениям 38.03.01; 38.04.01, изучающих дисциплину «Научные проблемы экономики транспорта»: самостоятельное изучение рекомендуемой литературы, самоконтроля при выполнении практических заданий. Содержат тестовый материал для подготовки к зачету. Имеют интерактивное оглавление в виде закладок. 
521 8 |a Книга из коллекции СибАДИ - Экономика и менеджмент 
856 4 |u https://e.lanbook.com/book/255275 
856 4 8 |u https://e.lanbook.com/img/cover/book/255275.jpg 
953 |a https://e.lanbook.com/img/cover/book/255275.jpg